Enivronment education (Record no. 6636)

MARC details
000 -LEADER
fixed length control field 00746 a2200205 4500
005 - DATE AND TIME OF LATEST TRANSACTION
control field 20080905104639.0
008 - FIXED-LENGTH DATA ELEMENTS--GENERAL INFORMATION
fixed length control field 080905t xxu||||| |||| 00| 0 eng d
010 ## - LIBRARY OF CONGRESS CONTROL NUMBER
LC control number ENG-87534
020 ## - INTERNATIONAL STANDARD BOOK NUMBER
Terms of availability 695.00
International Standard Book Number 8131302828
035 ## - SYSTEM CONTROL NUMBER
System control number EN-71067
037 ## - SOURCE OF ACQUISITION
Source of stock number/acquisition D.B.Act / Pub
082 ## - DEWEY DECIMAL CLASSIFICATION NUMBER
Classification number 363.70071
100 ## - MAIN ENTRY--PERSONAL NAME
Personal name Mohan, I
245 ## - TITLE STATEMENT
Title Enivronment education
Statement of responsibility, etc by I. Mohan
260 ## - PUBLICATION, DISTRIBUTION, ETC. (IMPRINT)
Place of publication, distribution, etc New Delhi
Name of publisher, distributor, etc A P H Publishing
Date of publication, distribution, etc 2007
300 ## - PHYSICAL DESCRIPTION
Extent xii, 300 p.
Dimensions 22 cm. (Hb).
500 ## - GENERAL NOTE
General note Includes bibliographical references
942 ## - ADDED ENTRY ELEMENTS (KOHA)
Institution code [OBSOLETE] dpl
Koha item type English Books
Call number prefix 363.70071 / MOH
Source of classification or shelving scheme Dewey Decimal Classification
Classification part 363.70071
Call number suffix MOH
Holdings
Withdrawn status Lost status Damaged status Not for loan Collection code Home library Current library Date acquired Cost, normal purchase price Total Checkouts Full call number Barcode Date last seen Copy number Uniform Resource Identifier Cost, replacement price Price effective from Koha item type
      Not For Loan Non-fiction D.B.Act.Division D.B.Act.Division 05/09/2008 695.00   363.70071 MOH EN-71067 15/09/2008 1 7137 695.00 15/09/2008 English Books

© Delhi Public Library
Hit Counter
free hit counter